Statistics for Most popular Breeds of dog

Click here to take the quiz!

General Stats

  • This quiz has been taken 558 times
  • The average score is 8 of 15

Answer Stats

HintAnswer% Correct
1Labrador Retriever
89%
3German Shepherd
76%
9Poodle
76%
4Golden Retriever
75%
8Bulldog
71%
15Pug
60%
5Beagle
57%
12Chihuahua
54%
6Boxer
51%
2Yorkshire Terrier
42%
14Rottweiler
41%
13Pomeranian
32%
7Dachshund
28%
10Shih Tzu
27%
11Miniature Schnauzer
5%

Score Distribution

Percentile by Number Answered

Percent of People with Each Score

Your Score History

You have not taken this quiz